Life : Tritó : Montseny
Descripción Física:
1 bossa de roba ; il. col. ; 37 x 39 cm.
Idioma:
Catalán
MARC
| LEADER | 00000nrm a22000007a 4500 | ||
|---|---|---|---|
| 001 | 27188 | ||
| 003 | Arxiu | ||
| 005 | 20260324181148.0 | ||
| 008 | 221227b spa||||| |||| 00| 0 cat d | ||
| 040 | |a agdb |b cat | ||
| 245 | |a Life : Tritó : Montseny | ||
| 260 | |a Barcelona : |b Diputació de Barcelona ; |c [2018] | ||
| 300 | |a 1 bossa de roba ; |b il. col. ; |c 37 x 39 cm. | ||
| 610 | 2 | 0 | |9 53377 |a Life Tritó Montseny |
| 655 | 0 | |9 54970 |a Bosses | |
| 710 | 1 | |a Barcelona (Catalunya : Província). |b Diputació |9 52408 | |
| 942 | |2 udc |c ARXIU |n 1 | ||
| 952 | |0 0 |1 0 |2 udc |4 0 |6 NBM16108 |7 1 |9 64929 |a Arxiu |b Arxiu |d 2022-12-27 |l 0 |o NBM-16-108 |p 27188 |r 2022-12-27 00:00:00 |w 2022-12-27 |y ARXIU | ||
| 999 | |c 82889 |d 82889 | ||